Yoga, beauty and health / (Record no. 70060)

MARC details
000 -LEADER
fixed length control field 00871nam a22002297a 4500
005 - DATE AND TIME OF LATEST TRANSACTION
control field 20120917122718.0
008 - FIXED-LENGTH DATA ELEMENTS--GENERAL INFORMATION
fixed length control field 120917t xxu||||| |||| 00| 0 eng d
010 ## - LCCN (DPL NO)
LC control number ENG-105879
020 ## - INTERNATIONAL STANDARD BOOK NUMBER
International Standard Book Number 9789380162775
Terms of availability 700.00
035 ## - SYSTEM CONTROL NUMBER
System control number EN-89412
037 ## - SOURCE OF ACQUISITION
Source of stock number/acquisition DBAD/PUB
040 ## - CATALOGING SOURCE
Original cataloging agency DPL
Language of cataloging English
082 ## - DEWEY DECIMAL CLASSIFICATION NUMBER
Classification number 613.7046
100 ## - MAIN ENTRY--PERSONAL NAME
Personal name Chauhan, K.S.
9 (RLIN) 51878
245 ## - TITLE STATEMENT
Title Yoga, beauty and health /
Statement of responsibility, etc by K.S. Chauhan
260 ## - PUBLICATION, DISTRIBUTION, ETC. (IMPRINT)
Place of publication, distribution, etc New Delhi
Name of publisher, distributor, etc Arise Publishers & Distributors
Date of publication, distribution, etc 2012
270 ## - ADDRESS
Address 4648/1,21, Ansari Road, Daryaganj
City New Delhi
Postal code 110002
Electronic mail address nab@newagebooksindia.com
300 ## - PHYSICAL DESCRIPTION
Extent 232p.
Dimensions 23cm(Hb)
500 ## - GENERAL NOTE
General note Includes bibliographical references and index
942 ## - ADDED ENTRY ELEMENTS (KOHA)
Source of classification or shelving scheme Dewey Decimal Classification
Item type English Books
Classification part 613.7046
Call number suffix CHA
Holdings
Withdrawn status Lost status Source of classification or shelving scheme Damaged status Not for loan Collection code Home library Current library Date acquired Source of acquisition Cost, normal purchase price Total Checkouts Full call number Barcode Date last seen Copy number Cost, replacement price Koha item type
    Dewey Decimal Classification   Not For Loan Non-fiction D.B.Act.Division D.B.Act.Division 17/09/2012 DBAD / PUB 700.00   613.7046 CHA EN-89412 17/09/2012 1 700.00 English Books

© Delhi Public Library
Hit Counter
free hit counter